[Event "Altenkirchen Seniors op 18th"]
[Site "Altenkirchen"]
[Date "2021.07.03"]
[Round "2"]
[White "Heid, Michael"]
[Black "Mueller, Erich2222"]
[Result "0-1"]
[WhiteElo "1942"]
[BlackElo "2161"]
[PlyCount "76"]
[EventDate "2021.07.02"]
[EventType "swiss"]
[EventRounds "9"]
[EventCountry "GER"]
[SourceTitle "CBM 203 Extra"]
[Source "ChessBase"]
[SourceDate "2021.09.30"]
[SourceVersion "1"]
[SourceVersionDate "2021.09.30"]
[SourceQuality "1"]

1. d4 Nf6 2. Bg5 d5 3. Bxf6 exf6 4. e3 Be6 5. c3 Nd7 6. Bd3 c6 7. Ne2 Bd6 8. Qc2 Nf8 9. Nd2 Ng6 10. h4 Qd7 11. h5 Ne7 12. Bxh7 f5 13. Bxf5 Bxf5 14. Qa4 Bd3 15. Nc1 Bb5 16. Qd1 a5 17. a4 Ba6 18. Ncb3 b6 19. Qf3 Qf5 20. Qxf5 Nxf5 21. 0-0-0 0-0-0 22. Kc2 Be2 23. Rde1 Rxh5 24. Rhg1 Bh2 25. Rh1 Bg4 26. f3 Ng3 27. fxg4 Rhh8 28. Rhf1 Nxf1 29. Rxf1 f6 30. Kd3 Bc7 31. Nf3 Rde8 32. Nbd2 Bd6 33. Rb1 Kc7 34. Re1 Re7 35. e4 Rhe8 36. g5 Bf4 37. gxf6 gxf6 38. g4 Rh8 0-1